Carta de seguridad concedida a los mozárabes de Toledo (Record no. 67064)

MARC details
000 -LEADER
campo de control de longitud fija 01024nam a2200229 i 4500
001 - NÚMERO DE CONTROL
campo de control 67064
003 - IDENTIFICADOR DE NÚMERO DE CONTROL
campo de control ES-MaACL
005 - FECHA Y HORA DE LA ÚLTIMA TRANSACCIÓN
campo de control 20230906165939.0
007 - CAMPO FIJO DE DESCRIPCIÓN FÍSICA--INFORMACIÓN GENERAL
campo de control de longitud fija t|
008 - DATOS DE LONGITUD FIJA--INFORMACIÓN GENERAL
campo de control de longitud fija 040503s2001 sp |||| | spa d
080 ## - NÚMERO DE LA CLASIFICACIÓN DECIMAL UNIVERSAL
Número de la Clasificación Decimal Universal 347.174(460.285 T.=411.21)"11"
080 ## - NÚMERO DE LA CLASIFICACIÓN DECIMAL UNIVERSAL
Número de la Clasificación Decimal Universal 94(460.285 T.)"11"
245 00 - MENCIÓN DEL TÍTULO
Título Carta de seguridad concedida a los mozárabes de Toledo
Resto del título : 19 de marzo de 1101-19 de marzo de 2001.
260 ## - PUBLICACIÓN, DISTRIBUCIÓN, ETC.
Lugar de publicación, distribución, etc. Toledo :
Nombre del editor, distribuidor, etc. Comunidad Mozárabe :
-- Instituto de Estudios Visigótico-Mozárabes,
Fecha de publicación, distribución, etc. 2001.
300 ## - DESCRIPCIÓN FÍSICA
Extensión [12] p. ;
Dimensiones 30 cm.
534 ## - NOTA SOBRE LA VERSIÓN ORIGINAL
Frase introductoria Reprod. de la ed. de.
Mención de título del original Los fueros de Toledo / Alfonso García-Gallo,
Publicación, distribución, etc. del original Madrid : Instituto Nacional de Estudios Jurídicos, 1976
Nota sobre el original (tirada aparte de: Anuario de Historia del Derecho Español, 1975, p. 341-488)
650 14 - PUNTO DE ACCESO ADICIONAL DE MATERIA--TÉRMINO DE MATERIA
Término de materia o nombre geográfico como elemento de entrada Mozárabes-
Subdivisión geográfica Toledo.
9 (RLIN) 155461
651 #4 - PUNTO DE ACCESO ADICIONAL DE MATERIA--NOMBRE GEOGRÁFICO
Nombre geográfico Toledo-
Subdivisión general Historia-
Subdivisión cronológica S.V-XV.
9 (RLIN) 168123
710 2# - ENTRADA AGREGADA--NOMBRE DE ENTIDAD CORPORATIVA
Nombre de entidad corporativa o nombre de jurisdicción como elemento de entrada Comunidad Mozárabe (Toledo)
9 (RLIN) 155464
710 2# - ENTRADA AGREGADA--NOMBRE DE ENTIDAD CORPORATIVA
Nombre de entidad corporativa o nombre de jurisdicción como elemento de entrada Instituto de Estudios Visigótico-Mozárabes de San Eugenio.
9 (RLIN) 155465
852 ## - LOCALIZACIÓN
Ubicación ES-MaACL
Número de control de estantería 2166-F-9
Holdings
Estatus retirado Estado de pérdida Estado de daño No para préstamo Colección Biblioteca de origen Biblioteca actual Ubicación en estantería Fecha de adquisición Fuente de adquisición Total de préstamos Signatura topográfica completa Código de barras Visto por última vez Precio de reemplazo Tipo de ítem Koha
        Colección de folletos Biblioteca del Ateneo de Madrid Biblioteca del Ateneo de Madrid Depósito folletos 17/01/2008     2166-F-9 1070238 23/02/2023 23/02/2023 Folleto